| 000 | 00642nam a22002177a 4500 | ||
|---|---|---|---|
| 003 | OSt | ||
| 005 | 20220107122837.0 | ||
| 008 | 180301b xxu||||| |||| 00| 0 eng d | ||
| 020 | _a9788126568772 | ||
| 040 | _cIIITMK | ||
| 082 | _a658.15 KUM/B | ||
| 100 |
_aKumar, U Dinesh _913743 |
||
| 245 |
_aBusiness analytics: _bThe science of data - driven decision making _cU Dinesh Kumar |
||
| 260 |
_aNew Delhi, _bJohn wiley & Sons, _c2017. |
||
| 300 | _axxi, 714p. | ||
| 650 |
_aBUSINESS ANALYTICS _913781 |
||
| 650 |
_aDECISION MAKING _913782 |
||
| 650 |
_aMANAGEMENT SCIENCE _913783 |
||
| 650 |
_aBUSINESS INFORMATICS _914307 |
||
| 942 |
_2ddc _cBK |
||
| 999 |
_c5993 _d5993 |
||